000 00711nam a2200229Ia 4500
003 GCL
008 140319s9999 xx 000 0 ara d
040 _aGCL /
_cGCL
082 0 4 _a809.914
_bج ر
100 1 _aاحمد خاكى
245 1 0 _aالرومانتيكية مالها وماعليها /
_cاحمد خاكى
700 1 _aجلكنر، روبرت
700 1 _aرانكو، وجيرالد
700 1 _aاحمد حمدى محمود
260 _a[S.N] :
_bالهيئة المصرية العامة للكتاب ،
_c1986
300 _a378 ص
490 _a
650 0 4 _aالادب
650 0 4 _aالرومانتيكية فى الادب
650 0 4 _aتاريخ ونقد
942 _2ddc
_cBK
999 _c30808
_d30808